10 Random Numbers 1-80 - Blind Ranking - Statistics

General Stats
  • This quiz has been taken 128 times
  • The average score is 5 of 10
Answers on the Map
Answers color-coded by a green-red scale on the quiz's map according to % correct below.
 
Answer Stats
Number % Correct
17
100%
21
100%
24
100%
27
100%
28
100%
30
100%
33
100%
34
100%
35
100%
36
100%
38
100%
39
100%
44
100%
52
100%
55
100%
60
100%
62
100%
65
100%
68
100%
70
100%
31
67%
43
67%
57
67%
66
67%
15
50%
16
50%
4
50%
56
50%
58
50%
67
50%
69
50%
75
50%
76
50%
45
33%
51
33%
54
33%
63
33%
78
33%
1
0%
10
0%
11
0%
12
0%
13
0%
14
0%
18
0%
19
0%
2
0%
20
0%
22
0%
23
0%
25
0%
26
0%
29
0%
3
0%
32
0%
37
0%
40
0%
41
0%
42
0%
46
0%
47
0%
48
0%
49
0%
5
0%
50
0%
53
0%
59
0%
6
0%
61
0%
64
0%
7
0%
71
0%
72
0%
73
0%
74
0%
77
0%
79
0%
8
0%
80
0%
9
0%
No matching quizzes found
Score Distribution
Percent of People with Each Score
Percentile by Number Answered
Your Score History
You have not taken this quiz